NFL Teams Best Scrambler - Statistics

General Stats
  • This quiz has been taken 32 times
    20 since last reset
  • The average score is 9 of 32
Answer Stats
Team QB % Correct
GB Aaron Rodgers
76%
BAL Lamar Jackson
71%
CAR Cam Newton
59%
MN Fran Tarkenton
53%
DET Matthew Stafford
53%
AZ Kyler Murray
47%
HOU Deshaun Watson
41%
BUF Josh Allen
41%
DAL Roger the Dodger
41%
DEN John Elway
35%
PIT Justin Fields
35%
SF Steve Young
35%
NO Archie Manning
29%
CIN Ken Anderson
29%
KC Patrick Mahomes
29%
TEN Steve McNair
29%
IND Andrew Luck
24%
CLE Brian Sipe
24%
LAC/SD Justin Herbert
24%
PHI Randall Cunningham
24%
TB Baker Mayfield
18%
LV/OAK Ken Stabler
18%
ATL Marcus Mariota
18%
JAX Mark Brunell
18%
MIA Ryan Tannehill
12%
NE Steve Grogan
12%
SEA Russel Wilson
6%
WAS Sammy Baugh
6%
LAR Chris Everett
0%
NYG Fran Tarkenton
0%
CHI T.J. Yates
0%
NYJ Vince Young
0%
No matching quizzes found
Score Distribution
Percent of People with Each Score
Percentile by Number Answered
Your Score History
You have not taken this quiz since the last reset